000 00317nam a22001457a 4500
008 210312b ||||| |||| 00| 0 eng d
020 _a9780132222204
041 _aeng
080 _27th
_a004
082 _a004
100 _a28
101 _aSHKI
245 _aJava How to Program
_cDeitel, P. J
942 _2udc
_cBK
999 _c56564
_d56564